Social Media Logos - Statistics

General Stats
  • This quiz has been taken 293 times
  • The average score is 14 of 16
Answer Stats
Picture Answer % Correct
Facebook
100%
Instagram
100%
Snapchat
100%
TikTok
100%
Youtube
100%
X
98%
Whatsapp
97%
Pinterest
92%
Reddit
92%
Skype
89%
Discord
86%
Messenger
82%
LinkedIn
80%
Zoom
70%
Telegram
57%
Threads
55%
No matching quizzes found
Score Distribution
Percent of People with Each Score
Percentile by Number Answered
Your Score History
You have not taken this quiz